|
|
|
|
| LEADER |
00761nam a2200193Ia 4500 |
| 001 |
CTU_29261 |
| 008 |
210402s9999 xx 000 0 und d |
| 082 |
|
|
|a 330
|
| 082 |
|
|
|b S487/N48v
|
| 100 |
|
|
|a FAO
|
| 245 |
|
0 |
|a FAO economic and social development series N.48v
|
| 245 |
|
0 |
|b FAO tuyển tập: Phát triển kinh tế và xã hội số 48; 1989-90: Đào tạo nông nghiệp và phát triển nông thôn,Training for agriculture and rural development 1989 - 1990
|
| 245 |
|
0 |
|c FAO
|
| 260 |
|
|
|a Rome
|
| 260 |
|
|
|b FAO
|
| 260 |
|
|
|c 199
|
| 650 |
|
|
|a economics,extension activities,rural development,training manuals
|
| 904 |
|
|
|i Nguyễn Quang Điền, 990316
|
| 980 |
|
|
|a Trung tâm Học liệu Trường Đại học Cần Thơ
|